| 000 | 00439nam a22001457a 4500 | ||
|---|---|---|---|
| 003 | OSt | ||
| 082 |
_a631.3 _bFAT |
||
| 088 | _a575 | ||
| 100 |
_aFATHIMA RANA T _aAARIFF.S _aNADHIYA C _aANUSREE. S KUMAR _95485 |
||
| 245 | _aDEVELOPMENT AND PERFORMANCE EVALUATION OF SELF-PROPELLED PADDY SEEDER | ||
| 260 |
_aTAVANUR _bDEPARTMENT OF FARM MACHINERY AND POER ENGINEERING _c2023 |
||
| 300 | _a48 | ||
| 700 |
_aPREMAN PS(Guide) _95486 |
||
| 942 | _cPR | ||
| 999 |
_c17713 _d17713 |
||